=LDR 00000nam 2200000 4500 =001 NUTBA000000000002455 =005 20140617101834.0 =006 =007 =008 =020 ##$$a 978-979-29-3219-5 =035 ##$$a 0010-061400000000398 =040 ##$$a NBPDMAT =082 ##$$a 633.75 =090 ##$$a 633.75 $b Soe g =100 ##$$a Soetijo Pitojo =245 ##$$a Ganja, opulm, dan coca komoditas terlarang (Narkoba Musuh Kita Bersama) / $c Soetijo Pitojo =260 ##$$a Bandung : $b Angkasa, $c 2006 =300 ##$$a viii, 101 hlm. : $b ilus. ; $c 21 cm. =500 ##$$a Bibliografi : hlm. 99-101 =650 ##$$a Ganja =850 ##$$a NBPDMAT =990 ##$$a 21403702